| 000 | 00634nam a2200205 a 4500 | ||
|---|---|---|---|
| 005 | 20240910064323.0 | ||
| 008 | 991125s2003 mx 000 0 spa u | ||
| 020 | _a968754225X | ||
| 035 | _aUPN01000132851 | ||
| 049 | _aCG | ||
| 050 | 4 |
_aLB41 _bA7.7 |
|
| 245 | 0 | 0 |
_aAprendizaje y desarrollo / _ccoord. Pedro Sánchez Escobedo. |
| 260 |
_aMéxico : _bCOMIE, _c2003. |
||
| 300 | _a384 p. | ||
| 440 | 3 |
_aLa investigación educativa en México : 1992-2002 ; _v4 |
|
| 650 | 4 |
_aAprendizaje _92861 |
|
| 650 | 4 |
_aProceso enseñanza-aprendizaje _942 |
|
| 700 | 1 |
_aSánchez Escobedo, Pedro Antonio, _d1959- _ecoord. _931464 |
|
| 905 | _aLibro | ||
| 999 |
_c105005 _d105005 |
||